000 01294nam a2200313Ia 4500
001 ebr10167450
003 CaPaEBR
006 m u
007 cr cn|||||||||
008 060331s2006 enk sb 001 0 eng d
020 _z1403970211 (hbk.) :
020 _z9781403970213 (hbk.) :
040 _aCaPaEBR
_cCaPaEBR
035 _a(OCoLC)234083859
050 1 4 _aGE300
_b.D38 2006eb
082 0 4 _a363.73526
_222
100 1 _aDavenport, Deborah Saunders.
245 1 0 _aGlobal environmental negotiations and US interests
_h[electronic resource] /
_cDeborah S. Davenport.
260 _aBasingstoke :
_bPalgrave Macmillan,
_c2006.
300 _axii, 275 p.
504 _aIncludes bibliographical references and index.
533 _aElectronic reproduction.
_bPalo Alto, Calif. :
_cebrary,
_d2009.
_nAvailable via World Wide Web.
_nAccess may be limited to ebrary affiliated libraries.
650 0 _aClimatic changes
_xInternational cooperation.
650 0 _aEnvironmental management
_xInternational cooperation.
650 0 _aEnvironmental policy
_xInternational cooperation.
655 7 _aElectronic books.
_2local
710 2 _aebrary, Inc.
856 4 0 _uhttp://site.ebrary.com/lib/rucke/Doc?id=10167450
_zAn electronic book accessible through the World Wide Web; click to view
999 _c246971
_d246971